000 00476nam a2200181Ia 4500
001 23148
005 20260414150918.0
008 260414t2012||||xx |||||||||||||| ||spa||
041 _aESP
082 _a624.1762
_bS91A
100 _aSullivan, T. J.
_eAUT
245 2 _aA model code for the displacement-based seismic design of structures :
_bDBD12
260 _c2012
300 _axv, 105 páginas :
_c24 cm.
650 _a0
654 _aCIC
942 _cLIB
_dJUS
_fJUS
_2ddc
_n
999 _c23148
_d23148